000 00468nam a2200169 i 4500
001 22339
003 ES-MaACL
005 20250921063022.0
007 t|
008 021202s1973 sp ||||1| spa d
100 1 _aAldecoa, Ignacio,
_d1925-1969
_919628
245 1 3 _aEl fulgor y la sangre /
_cIgnacio Aldecoa.
260 _aBarcelona :
_bPlaneta,
_c[1973]
300 _a232 p. ;
_c21 cm.
852 _aES-MaACL
_jC-54056
_bR.86986
999 _c22339
_d22339